Movies Quiz

Random Movies or Actor Quiz

Bill Murray Movies by Picture Quiz Stats

Quiz Updated Nov 3, 2014

Challenge
Share
Tweet
Score 0/24 Timer 06:00
1 Play Today
% Correct
Ghostbusters
92.9%
Garfield
89.6%
Groundhog Day
88%
Caddyshack
84.3%
Stripes
67.4%
Lost in Translation
60.1%
Zombieland
56.1%
The Life Aquatic with Steve Zissou
55.9%
Scrooged
55.3%
What About Bob?
46.7%
Kingpin
33.4%
Rushmore
31.7%
% Correct
Charlie's Angels
31.1%
The Royal Tenenbaums
28%
Little Shop of Horrors
25.6%
Ed Wood
23.5%
Meatballs
20.5%
Broken Flowers
16.9%
Tootsie
16.6%
The Man Who Knew Too Little
15.6%
Get Smart
14.8%
Quick Change
11.8%
Wild Things
11.7%
Coffee and Cigarettes
11.2%

You're not logged in!

Compare scores with friends on all Sporcle quizzes.
Sign Up with Email
OR
Log In

You Might Also Like...

Show Comments

Extras

Top Quizzes Today


Score Distribution

Your Account Isn't Verified!

In order to create a playlist on Sporcle, you need to verify the email address you used during registration. Go to your Sporcle Settings to finish the process.